| 000 | 00627nam a22001935i 4500 | ||
|---|---|---|---|
| 001 | 165391 | ||
| 003 | ES-MaACL | ||
| 005 | 20240218063024.0 | ||
| 008 | 050823s1865 fr | |||||||| ||fre d | ||
| 040 |
_aCAM _bspa _cCAM |
||
| 100 | 1 |
_aSimon, Jules, _d1814-1896 _9224189 |
|
| 245 | 1 | 2 |
_aL'Ecole / _cpar Jules Simon. |
| 260 |
_aParis : _bA. Lacroix, Verboeckhoven & C\pe\s éditeurs, _c1865 ( _fImprimerie Poupart-Davyl et c\pe\s) |
||
| 300 |
_a430 p. ; _c23 cm. |
||
| 650 | 4 |
_aEnseñanza- _zFrancia. _9141768 |
|
| 752 |
_aFrancia - _dParís |
||
| 852 |
_aES-MaACL _jG-7779 _z-- Enc. hol. |
||
| 999 |
_c165391 _d165391 |
||